| 000 | 00656nam a2200253Ia 4500 | ||
|---|---|---|---|
| 003 | OSt | ||
| 005 | 20220918164747.0 | ||
| 006 | a|||||r|||| 00| 0 | ||
| 007 | ta | ||
| 008 | 220917b |||||||| |||| 00| 0 eng d | ||
| 020 | _a0745621686 (pbk) | ||
| 024 | _a161,586 | ||
| 037 | _cTextual | ||
| 040 |
_aARTS _cARTS _beng |
||
| 041 |
_2eng _aeng |
||
| 082 | _aW, P0-;1 (SC) | ||
| 100 |
_aGamble Andrew _920501 |
||
| 245 | 0 | _aPolitics and fate | |
| 260 |
_aCambridge _bPolity Press _c2000 |
||
| 300 |
_axi, 127p. _ccm. |
||
| 650 | _aPOLITICAL SCIENCE | ||
| 942 |
_hW, P0-;1 (SC) _cTEXL _2CC |
||
| 999 |
_c126373 _d126373 |
||